00617 2200241 4500001002100000008004100021035002000062245003000082100001700112260003800129300001200167020002200179084001600201082000800217650001200225990001800237990002000255990002000275990002000295990002000315990002000335990002000355INLIS000000000000539 ind  a0010-0724000539 aDatu PujungcAnna Martina aAnna Martina aJakartabArmandelta Selarasc2008 a26 hlm. a978-979-26-7173-5 a398.2 ANN d a398 aFolklor aP29/CP/24/539 aP29/CP/24/539.1 aP29/CP/24/539.2 aP29/CP/24/539.3 aP29/CP/24/539.4 aP29/CP/24/539.5 aP29/CP/24/539.6